10 największych miast w Ameryce Południowej - Statystyki

Ogólne statystyki
  • Ten quiz został rozwiązany 45 razy
  • Średni wynik to 7 z 10
Statystyki odpowiedzi
Populacja Miasto % Poprawnych
3 054 267 Buenos Aires
95%
6 476 631 Rio de Janeiro
95%
8 894 412 Lima
90%
12 038 175 São Paulo
90%
7 862 277 Bogotá
85%
5 507 282 Santiago
82%
3 289 886 Caracas
69%
2 914 830 Brasília
56%
2 921 087 Salvador
15%
2 591 188 Fortaleza
10%
Nie znaleziono quizów pasujących do podanych kryteriów
Rozkład punktacji
Procent ludzi z każdym wynikiem
Percentyl według liczby udzielonych odpowiedzi
Twoja historia wyników
Nie rozwiązałeś tego quizu